| 000 | 00958nam a22001695i 4500 | ||
|---|---|---|---|
| 001 | 151329 | ||
| 003 | ES-MaACL | ||
| 005 | 20230906203950.0 | ||
| 008 | 970326s1894 sp |||| | spa d | ||
| 040 |
_aCAM _bspa _cCAM |
||
| 110 | 2 |
_aReal Academia de Bellas Artes de San Sebastián (Palma de Mallorca) _9157173 |
|
| 245 | 1 | 0 |
_aMemoria sobre las atribuciones y facultades de las Academias Provinciales de Bellas Artes, referentes a las censuras y aprobaciones de proyectos, restauraciones, ornato publico y demás concerniente al arte de lo bello, dibujo de aplicación y necesarias reformas a su estado, y reorganización / _cAcademia Provincial de Bellas Artes de Palma de Mallorca. |
| 260 |
_aPalma : _b[s.n.], _c1894 ( _fEscuela-Tipográfica Provincial) |
||
| 300 |
_aVII, 74 p. ; _c21 cm. |
||
| 650 | 4 |
_aAcademias artísticas- _zEspaña. _9150996 |
|
| 852 |
_aES-MaACL _jT-865-F-1 _z-- Enc. hol. conservando la cub. original _z-- Enc. en un vol. facticio |
||
| 999 |
_c151329 _d151329 |
||